[Event "AUTO-INT-2359"]
[Site "http://www.queenalice.com/game.php?id=1074933"]
[Date "2012.6.22"]
[Round "1"]
[White "bdpq"]
[Black "leandrodaquimica"]
[Result "1-0"]
[WhiteElo "1622"]
[BlackElo "1617"]

1. e4 d5 2. e5 Nc6 3. Nf3 Bg4 4. h3 Bxf3 5. Qxf3 Nxe5 6. Qb3 e6 7. Qxb7 Ne7 8.
Bb5+ c6 9. Be2 Nf5 10. O-O Bc5 11. Re1 a6 12. Qb3 Rb8 13. Qc3 Bd4 14. Qa3 Rb5
15. Bxb5 axb5 16. c3 Nd3 17. Re2 Nxc1 18. Re1 Qh4 19. cxd4 Nxa2 20. Qa8+ Qd8 21.
Rxa2 Ke7 22. Qxd8+ Rxd8 23. Ra6 Nxd4 24. d3 c5 25. Nd2 c4 26. Rd1 cxd3 27. Nf1
Ne2+ 28. Kh2 Rd6 29. Rxd6 Kxd6 30. Rxd3 Nf4 31. Rg3 g6 32. h4 f5 33. Rc3 h6 34.
Rc8 g5 35. hxg5 hxg5 36. g3 Nd3 37. Rc2 e5 38. Ne3 f4 39. gxf4 exf4 40. Nf5+ 1-0

[Event "AUTO-INT-2359"]
[Site "http://www.queenalice.com/game.php?id=1074934"]
[Date "2012.6.22"]
[Round "1"]
[White "leandrodaquimica"]
[Black "bdpq"]
[Result "0-1"]
[WhiteElo "1601"]
[BlackElo "1638"]

1. Nc3 d5 2. d4 e6 3. Nf3 Bb4 4. Bd2 Nf6 5. Bg5 Bxc3+ 6. bxc3 O-O 7. e3 Nc6 8.
Bxf6 Qxf6 9. c4 dxc4 10. Bxc4 Na5 11. Qd3 Nxc4 12. Qxc4 c6 13. O-O Bd7 14. Ne5
Qe7 15. f4 b5 16. Qd3 f6 17. Nxd7 Qxd7 18. Rf3 a5 19. Rh3 g6 20. e4 Rfd8 21. g4
Qxd4+ 22. Qxd4 Rxd4 23. Re3 b4 24. Rb1 Rad8 25. f5 Rd1+ 26. Rxd1 Rxd1+ 27. Kf2
Rd2+ 28. Re2 Rxe2+ 29. Kxe2 exf5 30. exf5 h5 31. fxg6 hxg4 32. Kf2 Kg7 33. Kg3
f5 34. h3 Kxg6 35. hxg4 fxg4 36. Kxg4 Kf6 37. Kf4 Ke6 38. Ke4 c5 39. Kd3 Kd5 0-1

[Event "AUTO-INT-2359"]
[Site "http://www.queenalice.com/game.php?id=1074943"]
[Date "2012.6.22"]
[Round "1"]
[White "leandrodaquimica"]
[Black "Robert_Faria"]
[Result "0-1"]
[WhiteElo "1637"]
[BlackElo "1813"]

1. e4 c5 2. c4 Nc6 3. Nf3 d6 4. d4 cxd4 5. Nxd4 e5 6. Nxc6 bxc6 7. Nc3 Nf6 8.
Bg5 Be7 9. Bd3 Ng4 10. Bxe7 Qxe7 11. Be2 Nf6 12. O-O O-O 13. f4 Nd7 14. fxe5
dxe5 15. Bg4 Nf6 16. Bxc8 Raxc8 17. g4 Qc5+ 18. Rf2 Rfd8 0-1

[Event "AUTO-INT-2359"]
[Site "http://www.queenalice.com/game.php?id=1074944"]
[Date "2012.6.22"]
[Round "1"]
[White "Robert_Faria"]
[Black "leandrodaquimica"]
[Result "1-0"]
[WhiteElo "1822"]
[BlackElo "1628"]

1. d4 Nc6 2. Nf3 d5 3. c4 dxc4 4. Nc3 e5 5. e3 exd4 6. Nxd4 Nxd4 7. exd4 Bb4 8.
Bxc4 Qe7+ 9. Be3 Bxc3+ 10. bxc3 Nf6 11. O-O Ne4 12. Qc2 O-O 13. Bd3 Nf6 14. Rfe1
Re8 15. Bd2 Qd8 16. Bg5 Rxe1+ 17. Rxe1 g6 18. h4 a5 19. h5 1-0

[Event "Challenge"]
[Site "http://www.queenalice.com/game.php?id=1565763"]
[Date "2019.3.27"]
[Round "-"]
[White "leandrodaquimica"]
[Black "Newcobos"]
[Result "0-1"]
[WhiteElo "1465"]
[BlackElo "2251"]

1. f4 c5 2. Nf3 Nc6 3. d4 cxd4 4. Nxd4 Nf6 5. Nxc6 bxc6 6. Nc3 g6 7. e4 d6 8. e5
Bg4 9. Be2 Bxe2 10. Qxe2 dxe5 11. fxe5 Nd5 12. Nxd5 Qxd5 13. O-O Bg7 14. c4 Qxe5
15. Qf3 O-O 16. b3 Qxa1 17. a3 Qf6 18. Qxf6 Bxf6 19. Be3 a5 20. b4 axb4 21. axb4
Rfd8 22. b5 cxb5 23. cxb5 Bd4 24. Bxd4 Rxd4 25. Rf2 Rd1+ 26. Rf1 Rxf1+ 27. Kxf1
Rb8 28. Kf2 Rxb5 29. g4 f5 30. Kf3 fxg4+ 31. Kxg4 Rf5 32. h4 e5 33. h5 e4 34.
hxg6 hxg6 0-1

[Event "AUTO-INT-3434"]
[Site "http://www.queenalice.com/game.php?id=1572367"]
[Date "2019.5.26"]
[Round "1"]
[White "sefaz2013"]
[Black "leandrodaquimica"]
[Result "1-0"]
[WhiteElo "1651"]
[BlackElo "1463"]

1. d4 d5 2. Nf3 Bg4 3. e3 Nc6 4. Be2 Bxf3 5. Bxf3 e5 6. Nc3 Bb4 7. Bd2 exd4 8.
exd4 Nf6 9. O-O O-O 10. Be3 Bxc3 11. bxc3 g6 12. Bh6 Re8 13. Re1 Rxe1+ 14. Qxe1
Qd6 15. Qd2 Re8 16. h3 Ne7 17. Rb1 b6 18. Bf4 Qe6 19. Bg5 Ne4 20. Bxe4 dxe4 21.
Bxe7 Rxe7 22. Re1 1-0

[Event "AUTO-INT-3434"]
[Site "http://www.queenalice.com/game.php?id=1572368"]
[Date "2019.5.26"]
[Round "1"]
[White "leandrodaquimica"]
[Black "sefaz2013"]
[Result "0-1"]
[WhiteElo "1455"]
[BlackElo "1659"]

1. Nc3 c5 2. d4 b6 3. dxc5 bxc5 4. Be3 e5 5. Qd5 d6 6. Qxa8 Bd7 7. Qxa7 Nc6 8.
Qa4 Nd4 9. Nb5 Bxb5 10. Qa7 Nxc2+ 11. Kd1 Nxa1 12. Bg5 Nf6 13. a4 Bd7 14. Qb7
Be7 15. f4 O-O 16. fxe5 dxe5 17. Bxf6 Bc6+ 18. Kc1 Bxb7 19. Bxe7 Qxe7 20. Nf3
Bxf3 21. exf3 Nb3+ 22. Kc2 Nd4+ 23. Kc3 Rb8 24. b4 cxb4+ 0-1

[Event "AUTO-INT-3434"]
[Site "http://www.queenalice.com/game.php?id=1572381"]
[Date "2019.5.26"]
[Round "1"]
[White "BGM9"]
[Black "leandrodaquimica"]
[Result "1-0"]
[WhiteElo "1447"]
[BlackElo "1497"]

1. d4 Nc6 2. Nf3 d5 3. Bf4 Bg4 4. e3 Bxf3 5. Qxf3 f6 6. Bb5 Qd7 7. Nc3 e6 8. a3
a6 9. Bd3 e5 10. dxe5 fxe5 11. Qh5+ g6 12. Bxg6+ Kd8 13. Bg5+ Kc8 14. Bh4 d4 15.
Bf5 dxc3 16. Bxd7+ Kxd7 17. Qf7+ Nce7 18. O-O-O+ Kc6 19. Qe6+ Kb5 20. Qxe5+ c5
21. Qxc3 Nc6 22. Qxh8 1-0

[Event "AUTO-INT-3434"]
[Site "http://www.queenalice.com/game.php?id=1572382"]
[Date "2019.5.26"]
[Round "1"]
[White "leandrodaquimica"]
[Black "BGM9"]
[Result "0-1"]
[WhiteElo "1479"]
[BlackElo "1526"]

1. e4 c5 2. d4 cxd4 3. Qxd4 Nc6 4. Qe3 d6 5. Bb5 Bd7 6. Bxc6 Bxc6 7. Nf3 e6 8.
O-O Be7 9. e5 Nh6 10. exd6 Bxd6 11. Rd1 Qc7 12. g3 Nf5 13. Qd3 O-O-O 14. Bg5 Be7
15. Qe2 Bxf3 16. Qxf3 Bxg5 17. Nc3 Qc6 18. Ne4 Be7 19. Rxd8+ Rxd8 20. g4 Nh4 21.
Qe2 f5 22. gxf5 exf5 23. b3 fxe4 24. Rd1 Rxd1+ 25. Qxd1 e3 26. f3 Qg6+ 27. Kf1
Qg2+ 28. Ke1 Qf2# 0-1

[Event "AUTO-INT-3434"]
[Site "http://www.queenalice.com/game.php?id=1572391"]
[Date "2019.5.26"]
[Round "1"]
[White "leandrodaquimica"]
[Black "Torbencarlsen"]
[Result "0-1"]
[WhiteElo "1443"]
[BlackElo "1744"]

1. Nf3 d6 2. d4 Nf6 3. Nc3 g6 4. Bg5 d5 5. Bxf6 exf6 6. e4 Bb4 7. Qd3 O-O 8.
O-O-O Bxc3 9. Qxc3 dxe4 10. Nd2 f5 11. f3 exf3 12. gxf3 Nc6 13. Bb5 Qxd4 14.
Bxc6 Qxc3 15. bxc3 bxc6 16. Rhe1 Be6 17. c4 Rfd8 0-1

[Event "AUTO-INT-3434"]
[Site "http://www.queenalice.com/game.php?id=1572392"]
[Date "2019.5.26"]
[Round "1"]
[White "Torbencarlsen"]
[Black "leandrodaquimica"]
[Result "1-0"]
[WhiteElo "1740"]
[BlackElo "1447"]

1. e4 Nf6 2. e5 Ne4 3. d4 d5 4. f3 Bg4 5. fxg4 Nc6 6. Nf3 e6 7. Bd3 f6 8. exf6
Qxf6 9. O-O Nxd4 10. Bxe4 dxe4 11. Nxd4 Qe5 12. Nb3 Rd8 13. Qe2 Bd6 14. Bf4 Qxb2
15. Bxd6 Rxd6 16. Qxe4 Rf8 17. N1d2 1-0